Arrondissements de Paris et Lieux célèbres (Click Map) - Statistiques

Statistiques générales
  • Ce quiz a été pris 250 fois
  • Le résultat moyen est 12 sur 20
Réponses sur la Carte
Les réponses sont colorées sur une échelle allant du rouge au vert en fonction du pourcentage des utilisateurs qui les ont devinées à leur premier essai. Vous pouvez retrouver ces pourcentages ci-dessous.
 
Statistiques - réponses
Réponse % Correct
Musée du Louvre
82%
Bois de Vincennes
80%
Parc de la Villette
77%
Basilique du Sacré-Cœur de Montmartre
76%
Avenue des Champs-Élysées
72%
Cathédrale Notre-Dame de Paris
72%
Tour Eiffel
72%
Gare du Nord
71%
Jardin du Luxembourg
66%
Panthéon
61%
Cimetière du Père-Lachaise
60%
Bibliothèque Nationale de France - Site François Mitterrand
59%
Place du Trocadéro
57%
Catacombes de Paris
53%
Tour Montparnasse
52%
Opéra Garnier
47%
Cirque d'Hiver Bouglione de Paris
46%
Palais Brongniart
45%
Palais des Congrès
38%
Musée Picasso
34%
Aucun quiz correspondant
Distribution des résultats
% des personnes avec chaque résultat
Percentile par nombre de réponses
Votre historique - résultats
Vous n’avez pas pris ce quiz